[Event "GER-chT U12"]
[Site "Magdeburg"]
[Date "2016.12.27"]
[Round "1.3"]
[White "Kroh, Franz Alexander"]
[Black "Mueller, Magnus"]
[Result "1-0"]
[WhiteElo "1277"]
[BlackElo "1513"]
[PlyCount "127"]
[EventDate "2016.12.27"]
[EventType "team-swiss"]
[EventRounds "7"]
[EventCountry "GER"]
[SourceTitle "EXT 2018"]
[Source "ChessBase"]
[SourceDate "2017.10.13"]
[SourceVersion "1"]
[SourceVersionDate "2017.10.13"]
[SourceQuality "1"]
[WhiteTeam "Bebenhausen"]
[BlackTeam "Gera"]
[WhiteTeamCountry "GER"]
[BlackTeamCountry "GER"]

1. e4 e5 2. Nf3 Nc6 3. Bc4 Bc5 4. c3 Nf6 5. d4 exd4 6. cxd4 Bb4+ 7. Bd2 Bxd2+ 8. Nbxd2 d5 9. exd5 Nxd5 10. Qb3 Na5 11. Qa4+ c6 12. Qa3 Nxc4 13. Nxc4 Qe7+ 14. Qxe7+ Kxe7 15. 0-0 Rd8 16. Rfe1+ Kf8 17. Rad1 f6 18. h3 b6 19. a3 Ba6 20. Ne3 Nxe3 21. fxe3 Rd7 22. Kf2 Rad8 23. Rd2 c5 24. Red1 cxd4 25. Rxd4 Rxd4 26. Rxd4 Ke7 27. Rxd8 Kxd8 28. Nd4 Kd7 29. g3 g6 30. Kf3 Kd6 31. e4 Kc5 32. Ke3 Kd6 33. b4 Bc4 34. Kf4 a6 35. h4 b5 36. g4 h6 37. Nf3 Be2 38. Nd4 Bc4 39. Nf3 Be2 40. Nd2 Bc4 41. g5 fxg5+ 42. hxg5 h5 43. Nf3 Be6 44. Ne5 h4 45. Nxg6 h3 46. Kg3 h2 47. Kxh2 Bf7 48. Nf4 Ke5 49. Kg3 Kxe4 50. g6 Bc4 51. Kg4 Kd4 52. g7 Kc3 53. Kf5 Kb3 54. Ke4 Bg8 55. Kd4 Kxa3 56. Kc5 Kb3 57. Ng6 Kc3 58. Ne7 Bf7 59. g8Q Bxg8 60. Nxg8 Kb3 61. Nf6 Ka4 62. Nd5 a5 63. Nb6+ Kb3 64. bxa5 1-0